[Event "Chigorin Memorial"]
[Site "St Petersburg RUS"]
[Date "2013.10.12"]
[Round "8.25"]
[White "Zaitsev,Al2"]
[Black "Epishin,V"]
[Result "1/2-1/2"]
[WhiteElo "2386"]
[BlackElo "2572"]

1.e4 d5 2.exd5 Qxd5 3.Nc3 Qd6 4.d4 Nf6 5.Nf3 c6 6.Ne5 Nbd7 7.Nc4 Qc7 8.Qf3 Nb6
9.Bf4 Qd7 10.O-O-O Nbd5 11.Nxd5 Qxd5 12.Qa3 Qd8 13.Be2 Nd5 14.Be5 b5 15.Ne3 e6
16.Qb3 f6 17.Bg3 g6 18.h4 h5 19.Kb1 Kf7 20.Nxd5 exd5 21.Bf4 Bf5 22.Qg3 Qd7
23.Bd3 Re8 24.Rhe1 Bb4 25.c3 Bxd3+ 26.Qxd3 Bd6 27.Bxd6 Qxd6 28.g3 Re6 29.Re3 Rhe8
30.Rde1 Rxe3 31.Rxe3 Rxe3 32.Qxe3 Qe6 33.Qf4 Qe1+ 34.Kc2 Qe2+ 35.Kb3 Ke6
36.a3 Qc4+ 37.Kc2 Qe2+ 38.Kb3 a5 39.Qc7 a4+ 40.Ka2 Qc4+ 41.Ka1 Qf1+ 42.Ka2 Qc4+
43.Ka1  1/2-1/2

[Event "SPICE Cup Open 2013"]
[Site "St Louis USA"]
[Date "2013.10.15"]
[Round "1.22"]
[White "Xiong,Jeffrey"]
[Black "Nieto,Manuel Guillermo"]
[Result "1-0"]
[WhiteElo "2345"]
[BlackElo "1909"]

1.e4 d5 2.exd5 Qxd5 3.Nc3 Qd6 4.d4 Nf6 5.Nf3 c6 6.Ne5 Nbd7 7.Nc4 Qc7 8.Qf3 Nb6
9.Ne5 Be6 10.Bf4 Nbd5 11.Bg3 Qb6 12.O-O-O Nxc3 13.Qxc3 Ne4 14.Qf3 Nf6 15.Bd3 O-O-O
16.Bf5 Bxf5 17.Qxf5+ e6 18.Qf3 Rd5 19.Nxf7 Rg8 20.Rhe1  1-0

[Event "3rd Central Asia Cup"]
[Site "Dushanbe TJK"]
[Date "2013.10.18"]
[Round "7.1"]
[White "Kuderinov,K"]
[Black "Vakhidov,J"]
[Result "1/2-1/2"]
[WhiteElo "2465"]
[BlackElo "2423"]

1.e4 d5 2.exd5 Qxd5 3.Nc3 Qd6 4.d4 Nf6 5.h3 g6 6.Nf3 Bg7 7.Bd3 O-O 8.O-O Nc6
9.Nb5 Qd8 10.c3 a6 11.Na3 b6 12.Bf4 Bb7 13.Re1 e6 14.Nc4 Ne7 15.Be5 Qd7 16.Qe2 Rad8
17.Rad1 Qc8 18.Ng5 Nc6 19.Bh2 h6 20.Ne4 Nd7 21.Bc2 b5 22.Ne3 f5 23.Nc5 Nxc5
24.dxc5 Kh7 25.Rxd8 Qxd8 26.Rd1 Qe7 27.Qd2 Rd8 28.Qe1 Qxc5 29.Bxc7 Rxd1 30.Qxd1 Nd4
31.Bb8 Nxc2 32.Nxc2 Qc6 33.Ne3 g5 34.Qd3 b4 35.cxb4 Qc1+ 36.Kh2 Qxb2 37.Qd7 Be4
38.Kg1 Qf6 39.Nc4 Qa1+ 40.Kh2 Qd4 41.Qxd4 Bxd4 42.Kg1 Bd5 43.Be5 Bxf2+ 44.Kxf2 Bxc4
45.a4 f4 46.g3 fxg3+ 47.Bxg3 Kg6 48.h4 Kh5 49.hxg5 Kxg5 50.Ke3 Kf5 51.Kd4 Bf1
52.Bc7 h5 53.b5 Bxb5 54.axb5 axb5 55.Bg3 Kg4 56.Bh2 Kf3 57.Kc5 Ke4 58.Kxb5 Kd4
59.Bg1+ Kd5 60.Kb4 h4 61.Kc3 Ke4 62.Kd2 Kf3 63.Bh2 h3 64.Kd3 Kg2 65.Bd6 h2
66.Bxh2 Kxh2 67.Ke4  1/2-1/2

[Event "TCh-Belgrade Premier liga 2013"]
[Site "Belgrade SRB"]
[Date "2013.10.19"]
[Round "8.6"]
[White "Popovic,AM"]
[Black "Podinic,V"]
[Result "1-0"]
[WhiteElo "2281"]
[BlackElo "2420"]

1.e4 d5 2.exd5 Qxd5 3.Nc3 Qd6 4.g3 Nf6 5.Bg2 c6 6.d4 Bg4 7.Nf3 e6 8.O-O Nbd7
9.Bf4 Qb4 10.a3 Qb6 11.h3 Bh5 12.b4 Be7 13.g4 Bg6 14.Na4 Qa6 15.c3 h5 16.g5 Nd5
17.Bd2 h4 18.Nb2 b5 19.Re1 Rd8 20.Bf1 Qb7 21.c4 N5b6 22.Rc1 Nxc4 23.Bxc4 bxc4
24.Nxc4 Bh5 25.Na5 Qa8 26.Nxc6 Nb8 27.Nxb8 Bxf3 28.Qa4+ Kf8 29.Nd7+ Kg8 30.Ne5 Rxd4
31.Rc7 Bh1 32.f3 Rxd2 33.Rxe7 Kh7 34.g6+ Kh6 35.b5  1-0

[Event "3rd Central Asia Cup"]
[Site "Dushanbe TJK"]
[Date "2013.10.19"]
[Round "8.10"]
[White "Onischenko,A"]
[Black "Kabilov,Amin"]
[Result "1-0"]
[WhiteElo "2094"]
[BlackElo "2153"]

1.e4 d5 2.exd5 Qxd5 3.Nc3 Qd6 4.d4 Nf6 5.Nf3 g6 6.Bc4 Bg7 7.Bg5 O-O 8.Qd2 c6
9.a4 Bf5 10.O-O a5 11.Rfe1 Na6 12.Nh4 Ng4 13.Bf4 Qd7 14.Nxf5 gxf5 15.Rad1 e6
16.h3 Nf6 17.Be5 Ne8 18.Bxg7 Nxg7 19.Qh6 Qd8 20.d5 cxd5 21.Bxd5 Qb6 22.Bb3 f6
23.Rxe6 Nxe6 24.Rd7 Rf7 25.Nd5 Qd4 26.Ne7+ Rxe7 27.Rxd4 Nc5 28.Qxf6 Nxb3
29.cxb3 Rae8 30.Rd6 Ng7 31.Qc3 Re1+ 32.Kh2 R8e7 33.Qxa5 R7e5 34.Qa8+ Ne8
35.Rd8 R1e2 36.Qxb7 f4 37.Rd5 Re7 38.Rd7 Rxd7 39.Qxd7 Nf6 40.Qf5 Kg7 41.Qxf4 Rxb2
42.Qg3+ Kf7 43.a5 h5 44.a6 Ra2 45.Qc7+ Kg6 46.a7 Kg5 47.b4 h4 48.Qa5+ Rxa5
49.bxa5 Nd5 50.a8=Q Kf4 51.g3+ Kf3 52.Qxd5+ Kxf2 53.gxh4 Ke3 54.a6  1-0

[Event "35th Arco Open 2013"]
[Site "Arco ITA"]
[Date "2013.10.20"]
[Round "9.17"]
[White "Perman,S"]
[Black "Giancotti,E"]
[Result "1/2-1/2"]
[WhiteElo "2133"]
[BlackElo "2025"]

1.e4 d5 2.exd5 Qxd5 3.Nc3 Qd6 4.d4 g6 5.Nf3 Bg7 6.Be2 Nf6 7.O-O a6 8.Be3 O-O
9.Qd2 Bf5 10.Bf4 Qb6 11.b3  1/2-1/2

[Event "TCh-AUT 2nd West 2013-14"]
[Site "Austria AUT"]
[Date "2013.10.20"]
[Round "3.1"]
[White "Breder,D"]
[Black "Milanovic,Da"]
[Result "1-0"]
[WhiteElo "2465"]
[BlackElo "2502"]

1.e4 d5 2.exd5 Qxd5 3.Nc3 Qd6 4.d4 Nf6 5.Nf3 c6 6.h3 g6 7.Bc4 Be6 8.Bxe6 Qxe6+
9.Ne2 Bg7 10.O-O O-O 11.Re1 Qc8 12.b3 c5 13.Ba3 Na6 14.c4 Rd8 15.Qc2 e6 16.Rad1 Qc7
17.Qb1 Rac8 18.Nc3 Qb8 19.dxc5 Rxd1 20.Rxd1 Nxc5 21.Qc1 a6 22.Qe3 Bf8 23.Ne5 Qc7
24.g4 Nce4 25.Nxe4 Qxe5 26.Bxf8 Rxf8 27.Nxf6+ Qxf6 28.Rd7 Rd8 29.Rxb7 Qa1+
30.Kg2 Qxa2 31.Qf3 Rf8 32.c5 Qc2 33.b4 Qc4 34.c6 h6 35.Ra7 Qxb4 36.Rxa6 Qc4
37.Ra7 Kg7 38.Rd7 e5 39.c7 e4 40.Qf4 Qc6 41.Qe5+ Kh7 42.Rd8 e3+ 43.Kg3 Qc1
44.Rxf8 Qg1+ 45.Kf3 Qxf2+ 46.Ke4 Qc2+ 47.Kxe3 Qb3+ 48.Kf2 Qc2+ 49.Kf3 Qd3+
50.Qe3 Qd5+ 51.Kf2  1-0

[Event "29th ECC Open 2013"]
[Site "Rhodes GRE"]
[Date "2013.10.20"]
[Round "1.6"]
[White "Kleijn,C"]
[Black "Jeitz,O"]
[Result "1-0"]
[WhiteElo "2423"]
[BlackElo "2010"]

1.e4 d5 2.exd5 Qxd5 3.Nc3 Qd6 4.d4 Nf6 5.Nf3 a6 6.g3 Bg4 7.Bg2 Nc6 8.O-O O-O-O
9.h3 Bh5 10.Bf4 Qb4 11.g4 Bg6 12.a3 Qxb2 13.Qe1 Bxc2 14.Ra2 Qb3 15.Qc1 Nxd4
16.Nxd4 Rxd4 17.Be5 Bd3 18.Rb2 Qc4 19.Bxb7+ Kd8 20.Rb4 Qxb4 21.axb4 Bxf1
22.Bxd4  1-0

[Event "TCh-Belgrade Premier liga 2013"]
[Site "Belgrade SRB"]
[Date "2013.10.21"]
[Round "10.5"]
[White "Hrzic,I"]
[Black "Podinic,V"]
[Result "0-1"]
[WhiteElo "2280"]
[BlackElo "2420"]

1.e4 d5 2.exd5 Qxd5 3.Nc3 Qd6 4.d4 Nf6 5.Nf3 g6 6.g3 Bg7 7.Bg2 Qa6 8.Bf4 c6
9.Qd2 O-O 10.Ne5 Be6 11.Nd3 Nbd7 12.O-O Qb6 13.Be3 Nd5 14.Na4 Qc7 15.Nac5 Nxc5
16.Nxc5 Bf5 17.Bxd5 cxd5 18.c3 Rfe8 19.f3 Rad8 20.Rfe1 b6 21.Nd3 f6 22.Nf2 Bc8
23.a4 a5 24.Kg2 Qc6 25.Bh6 Bh8 26.h4 e5 27.Be3 e4 28.f4 h5 29.Qe2 Re7 30.Rh1 Rh7
31.Ra3 Bg7 32.Raa1 Bf8 33.Ra2 Bd6 34.Raa1 Be6 35.Rhc1 Kh8 36.Rh1 Rg8 37.Rh2 Rc8
38.Rhh1 Qd7 39.Rhc1 Qe8 40.b3 Rhc7 41.Qb2 Qf7 42.Rc2 g5 43.f5 Bxf5 44.Rh1 Rg8
45.hxg5 fxg5 46.Qc1 Bh7 47.Qd1 Qf3+  0-1

[Event "Guernsey Open 2013"]
[Site "Guernsey GCI"]
[Date "2013.10.21"]
[Round "2"]
[White "Brookfield,T"]
[Black "Fruteau,S"]
[Result "0-1"]
[WhiteElo "1892"]
[BlackElo "2067"]

1.e4 d5 2.exd5 Qxd5 3.Nc3 Qd6 4.d4 Nf6 5.Nf3 a6 6.g3 b5 7.Bg2 Bb7 8.Bf4 Qb6
9.O-O e6 10.Re1 Be7 11.Qe2 O-O 12.Rad1 Bb4 13.a3 Bxc3 14.bxc3 Nd5 15.Qd3 Nf6
16.c4 bxc4 17.Qxc4 Bd5 18.Qd3 Nbd7 19.c4 Bc6 20.Rb1 Qa7 21.d5 exd5 22.Be3 dxc4
23.Qxc4 Bd5 24.Qf4 c5 25.Qd6 Rac8 26.Red1 Qa8 27.Qf4 Rfe8 28.Rxd5 Nxd5 29.Qf5 Nxe3
30.fxe3 Qe4  0-1

[Event "29th ECC Open 2013"]
[Site "Rhodes GRE"]
[Date "2013.10.22"]
[Round "3.15"]
[White "Codenotti,M"]
[Black "Valli,F"]
[Result "1/2-1/2"]
[WhiteElo "2374"]
[BlackElo "2282"]

1.e4 d5 2.exd5 Qxd5 3.Nc3 Qd6 4.d4 Nf6 5.Nf3 c6 6.Ne5 Nbd7 7.Nc4 Qc7 8.Qf3 Nb6
9.Bf4 Qd7 10.Nxb6 axb6 11.O-O-O Qd8 12.h3 e6 13.Be5 Nd5 14.Bc4 b5 15.Nxd5 exd5
16.Rhe1 Be6 17.Bb3 Bd6 18.g4 Bxe5 19.Rxe5 Qd6 20.Rde1 O-O-O 21.c3 Rde8 22.Bc2 Kd8
23.g5 Qd7 24.h4 Bg4 25.Qf4 Rxe5 26.Rxe5 Re8 27.b4 Rxe5 28.Qxe5 g6 29.Kd2 Qe7
30.Qb8+ Bc8 31.Qf4 Qe6 32.a4 bxa4 33.Bxa4 b5 34.Bc2 Bd7 35.Qe5 Qg4 36.Qh2 Kc8
37.Ke3 Qe6+ 38.Kd2 Qg4 39.Bd3 Qf3 40.Be2 Qe4 41.Qg3 Bf5 42.Bd1 Kd7 43.h5 gxh5
44.Qe3 h4 45.Qxe4 dxe4 46.f3 exf3 47.Bxf3 Be6 48.Ke3 Bd5 49.Bg4+ Ke7 50.Kf4 f6
51.gxf6+ Kxf6 52.Bh3 Be6 53.Bg2 Bd7 54.d5 h3 55.Bh1 cxd5 56.Bxd5 Ke7 57.Kg3 Kd6
58.c4 Ke5 59.Bg8 bxc4 60.Bxc4 Kd4 61.Bf1 Kc3 62.b5 Bxb5 63.Bxb5  1/2-1/2

[Event "Guernsey Open 2013"]
[Site "Guernsey GCI"]
[Date "2013.10.23"]
[Round "4"]
[White "Kraft,Karl-Heinz"]
[Black "Kuenstler,S"]
[Result "1-0"]
[WhiteElo "2023"]
[BlackElo "1885"]

1.e4 d5 2.exd5 Qxd5 3.Nc3 Qd8 4.Bc4 Nf6 5.d3 Bg4 6.f3 Bh5 7.Nge2 e6 8.Nf4 Bc5
9.Qe2 O-O 10.Be3 Bxe3 11.Qxe3 e5 12.Nfe2 Nbd7 13.O-O-O c6 14.h4 Bg6 15.g4 h5
16.Rdg1 Kh8 17.Ng3 Qb6 18.Qd2 Qc5 19.gxh5 Nxh5 20.Nxh5 Bxh5 21.Qg5 g6 22.Qh6+ Kg8
23.Qxh5 Qe3+ 24.Kb1 b5 25.Rxg6+  1-0

[Event "29th ECC Open 2013"]
[Site "Rhodes GRE"]
[Date "2013.10.23"]
[Round "4.9"]
[White "Bok,B"]
[Black "Rusev,K"]
[Result "1-0"]
[WhiteElo "2525"]
[BlackElo "2556"]

1.e4 d5 2.exd5 Qxd5 3.Nc3 Qd6 4.d4 Nf6 5.Nf3 c6 6.g3 Bg4 7.Bg2 e6 8.O-O Be7
9.h3 Bh5 10.Ne2 Bg6 11.Bf4 Qd8 12.c4 Nbd7 13.Nc3 h6 14.d5 cxd5 15.cxd5 Nxd5
16.Nxd5 exd5 17.Qxd5 Nc5 18.Ne5 Qxd5 19.Bxd5 a5 20.Rfe1 Kf8 21.Nxg6+ fxg6
22.Re3 Rd8 23.Bc4 g5 24.Rae1 b5 25.Bxb5 gxf4 26.Rxe7 Kg8 27.Rc7  1-0

[Event "29th ECC Open 2013"]
[Site "Rhodes GRE"]
[Date "2013.10.25"]
[Round "6.16"]
[White "Jensen,Bjark"]
[Black "Grafl,F"]
[Result "0-1"]
[WhiteElo "2321"]
[BlackElo "2379"]

1.e4 d5 2.exd5 Qxd5 3.Nc3 Qd6 4.d4 Nf6 5.Nf3 Nc6 6.Nb5 Qd8 7.c4 Bg4 8.d5 a6
9.Bf4 axb5 10.dxc6 Qxd1+ 11.Rxd1 Bxf3 12.gxf3 bxc6 13.Bxc7 e6 14.a3 b4 15.axb4 Bxb4+
16.Ke2 Ke7 17.Be5 Ra2 18.f4 Nd7 19.Bxg7 Rg8 20.Bd4 c5 21.Be3 Rxb2+ 22.Kf3 f5
23.Ra1 Bd2 24.Ra7 Bxe3 25.fxe3 e5 26.fxe5 Ke6 27.Rxd7 Kxd7 28.Bh3 Ke6 29.Rd1 Rg5
30.Kf4 Rh5 31.Rd6+ Ke7 32.Kg3 Re2 33.Rd3 Ke6 34.Bf1 Re1 35.Kf2 Rc1 36.Rd6+ Kxe5
37.Rd5+ Ke6 38.h3 Rc2+ 39.Kf3 Rc1 40.Kf2 Rc2+ 41.Kf3 Rh4 42.Rxc5 Rc3 43.Rc6+ Ke5
44.Rc5+ Kf6 45.Rc6+ Kg5 46.Kf2 Re4 47.Rc7 h6 48.Rg7+ Kf6 49.Rg3 f4  0-1

[Event "29th ECC Open 2013"]
[Site "Rhodes GRE"]
[Date "2013.10.25"]
[Round "6.3"]
[White "Mammadov,Z"]
[Black "Khairullin,I"]
[Result "1/2-1/2"]
[WhiteElo "2426"]
[BlackElo "2651"]

1.e4 d5 2.exd5 Qxd5 3.Nc3 Qd6 4.d4 Nf6 5.Nf3 g6 6.g3 Bg7 7.Bg2 Qa6 8.Qe2 Qxe2+
9.Nxe2 Bf5 10.c3 Nbd7 11.O-O O-O 12.Re1 Rfe8 13.h3 Be4 14.g4 h6 15.Bf4 c5
16.Bg3 a6 17.Rad1 Rac8 18.Ne5 Bxg2 19.Kxg2 cxd4 20.Nxd4 Nc5 21.c4 Red8 22.Ndf3 Rxd1
23.Rxd1 Na4 24.b3 Nc3 25.Rd2 Nce4 26.Rd3 Nxg3 27.Kxg3 Ne4+ 28.Kg2 Nc5 29.Rd1 a5
30.Rd5 Bf8 31.Nd7 e6 32.Rd1 Ne4 33.Nxf8 Kxf8 34.Ne5 Ke8 35.Kf3 Nc3 36.Rc1 Nxa2
37.Ra1 Nb4 38.Rxa5 Nc6 39.Nxc6 Rxc6 40.Rb5 b6  1/2-1/2

[Event "Guernsey Open 2013"]
[Site "Guernsey GCI"]
[Date "2013.10.26"]
[Round "7"]
[White "Hagesaether,A"]
[Black "Tiviakov,S"]
[Result "0-1"]
[WhiteElo "2140"]
[BlackElo "2652"]

1.e4 d5 2.exd5 Qxd5 3.Nc3 Qd6 4.d4 Nf6 5.Nf3 c6 6.Ne5 Nbd7 7.Nc4 Qc7 8.Qf3 Nb6
9.Ne5 Be6 10.Bf4 Qd8 11.O-O-O g6 12.h4 Bg7 13.Kb1 Nfd5 14.Bg3 f6 15.Nc4 Qd7
16.Re1 Nxc3+ 17.Qxc3 Rd8 18.Bc7 Nd5  0-1

[Event "17th OIBM 2013"]
[Site "Bad Wiessee GER"]
[Date "2013.10.31"]
[Round "7.28"]
[White "Singer,C"]
[Black "Vogel,Roven"]
[Result "1/2-1/2"]
[WhiteElo "2343"]
[BlackElo "2105"]

1.e4 d5 2.exd5 Qxd5 3.Nc3 Qd6 4.d4 c6 5.g3 Nf6 6.Bg2 Bf5 7.Nf3 e6 8.O-O Be7
9.Bf4 Qd8 10.h3 O-O 11.Nh4 Bg6 12.Nxg6 hxg6 13.Re1 Nbd7 14.Qd2 Nb6 15.Ne4 Nxe4
16.Bxe4 Nd5 17.c3 a5 18.Re2 Qb6 19.Rae1 Rad8 20.Bg5 Nf6 21.Qc2 Qc7 22.Bg2 Rd7
23.Rd1 Rfd8 24.Red2 Nd5 25.Bxe7 Nxe7 26.Rd3 b5 27.Qe2 b4 28.c4 Qb6 29.Qe4  1/2-1/2

[Event "14th Liberec Open"]
[Site "Liberec CZE"]
[Date "2013.10.31"]
[Round "7.34"]
[White "Litvinova,O"]
[Black "Jesensky,J"]
[Result "1-0"]
[WhiteElo "1726"]
[BlackElo "1574"]

1.e4 d5 2.exd5 Qxd5 3.Nc3 Qd6 4.d4 c6 5.Nf3 Nf6 6.Ne5 Bf5 7.Bf4 Qd8 8.f3 h6
9.g4 Be6 10.Qd2 g5 11.Bg3 Nbd7 12.O-O-O Nb6 13.h4 gxh4 14.Rxh4 Bg7 15.g5 Ng8
16.Kb1 Nd5 17.f4 Nxc3+ 18.Qxc3 Bd5 19.Be2 e6 20.g6 f6 21.Nf7  1-0

[Event "2nd Karpov Trophy KO"]
[Site "Cap d'Agde FRA"]
[Date "2013.11.02"]
[Round "2.2"]
[White "Bacrot,E"]
[Black "Karpov,Ana"]
[Result "1/2-1/2"]
[WhiteElo "2730"]
[BlackElo "2619"]

1.e4 d5 2.exd5 Qxd5 3.Nc3 Qd6 4.d4 c6 5.h3 Bf5 6.Nf3 Nd7 7.Nh4 Bg6 8.Nxg6 hxg6
9.Ne4 Qd5 10.Nc3 Qd6 11.Ne4 Qd5 12.Nc3  1/2-1/2

[Event "3rd Panama Open"]
[Site "Panama City PAN"]
[Date "2013.11.03"]
[Round "6.18"]
[White "Madrigal,M"]
[Black "Tiviakov,S"]
[Result "0-1"]
[WhiteElo "2152"]
[BlackElo "2652"]

1.e4 d5 2.exd5 Qxd5 3.Nc3 Qd6 4.d4 Nf6 5.Bc4 c6 6.Nge2 Bg4 7.f3 Bf5 8.Bf4 Qb4
9.Be3 e6 10.Qd2 Nbd7 11.O-O-O Be7 12.Ng3 Bg6 13.Nge4 O-O 14.Be2 h6 15.Ng3 Rac8  0-1

[Event "3rd Panama Open"]
[Site "Panama City PAN"]
[Date "2013.11.04"]
[Round "8.32"]
[White "Gutierrez,JA"]
[Black "Padilla,Alvaro"]
[Result "0-1"]
[WhiteElo "2204"]
[BlackElo "1971"]

1.e4 d5 2.exd5 Qxd5 3.Nc3 Qd6 4.d4 Nf6 5.Be2 Bf5 6.Nf3 Nc6 7.Nb5 Qd8 8.Bg5 a6
9.Na3 Ne4 10.Bh4 g5 11.Nxg5 Nxg5 12.Bxg5 Nxd4 13.c3 Nxe2 14.Qxd8+ Rxd8 15.Kxe2 f6
16.Bh4 Bd3+ 17.Kf3 Kf7 18.Rhe1 Bh6 19.Rad1 Rd5 20.g3 Rhd8 21.Ra1 Bd2 22.Red1 Rf5+
23.Kg2 Be2 24.Rdb1 Bf3+ 25.Kg1 b5 26.h3 h5 27.Rf1 Be4 28.Nb1 Bh6 29.a4 e6
30.f4 Bf8 31.g4 hxg4 32.hxg4 Bc5+ 33.Bf2 Rg8 34.Bxc5 Rxg4+ 35.Kf2 Rgxf4+
36.Ke3 Rxf1 37.Kxe4 Rxc5 38.axb5 axb5 39.Kd3 Rd5+ 40.Kc2  0-1

[Event "Arab Clubs 2013"]
[Site "Monastir TUN"]
[Date "2013.11.07"]
[Round "5.3"]
[White "Ali,Ak"]
[Black "Al Zayat,A"]
[Result "1-0"]
[WhiteElo "2308"]
[BlackElo "2086"]

1.e4 d5 2.exd5 Qxd5 3.Nc3 Qd6 4.d4 Nf6 5.Nf3 a6 6.Be2 Bg4 7.h3 Bh5 8.Be3 Nc6
9.Qd2 O-O-O 10.Rd1 Bxf3 11.Bxf3 e5 12.d5 Ne7 13.O-O Nf5 14.a3 h5 15.b4 Nxe3
16.Qxe3 Nd7 17.Ne4 Qb6 18.Ng5 Qg6 19.Qa7 Qxg5 20.d6 e4 21.Bxe4 Qb5 22.c4 Qb6
23.Qa8+ Nb8 24.c5 Qb5 25.a4 Qxb4 26.Bf5+ Rd7 27.Rb1  1-0

[Event "10th European Teams w"]
[Site "Warsaw POL"]
[Date "2013.11.08"]
[Round "1.7"]
[White "Milliet,S"]
[Black "Corke,A"]
[Result "1-0"]
[WhiteElo "2383"]
[BlackElo "2276"]

1.e4 d5 2.exd5 Qxd5 3.Nc3 Qd6 4.d4 Nf6 5.Nf3 g6 6.Bc4 Bg7 7.O-O O-O 8.Ne5 a6
9.Bf4 Nh5 10.Nxf7 Qxf4 11.Nd5 Qxf7 12.Nxe7+ Kh8 13.Bxf7 Rxf7 14.Nxc8 Nd7
15.c3 Rxc8 16.Qb3 Rcf8 17.Qxb7 c5 18.dxc5 Nxc5 19.Qd5 Rf5 20.Qc4 Nf4 21.Rad1 h5
22.Kh1 g5 23.b4 Na4 24.Qxa6 Nxc3 25.Rd7 Ne4 26.Rxg7 Nxf2+ 27.Rxf2 Kxg7 28.g3  1-0

[Event "TCh-CZE Vychod 2013-14"]
[Site "Czech Rep CZE"]
[Date "2013.11.10"]
[Round "2.3"]
[White "Mudrak,J"]
[Black "Vyskocil,N"]
[Result "1/2-1/2"]
[WhiteElo "2351"]
[BlackElo "2376"]

1.e4 d5 2.exd5 Qxd5 3.Nc3 Qd6 4.d4 Nf6 5.Bc4 c6 6.Nge2 Bg4 7.f3 Bh5 8.Bf4 Qb4
9.Bb3 e6 10.Qd2 Nbd7 11.O-O-O O-O-O 12.g4 Bg6 13.Bg3 Nc5 14.h4 h6 15.Nf4 Nxb3+
16.axb3 Bh7 17.g5 Nd5 18.Nfxd5 cxd5 19.gxh6 gxh6 20.Rhg1 Bd6 21.Bxd6 Qxd6
22.h5 Bf5 23.Rg7 Qf8 24.Rg3 Qb4 25.Rdg1 Qa5 26.Rg7 Rd7 27.Rg8+ Rd8 28.Rxh8 Rxh8
29.Rg7 Kb8 30.Qf4+ Ka8 31.Rxf7 Rg8 32.Qd6 a6 33.Rf8+ Rxf8 34.Qxf8+ Ka7 35.Qxh6 Qd8
36.Qe3 Qh4 37.h6 Qh1+ 38.Nd1 Qg2 39.Nf2 Qg1+ 40.Kd2 Qa1 41.Nd3 Qh1 42.Kc3 Qh2
43.b4 Qc7+ 44.Kd2 Qh2+ 45.Kd1 Qh1+ 46.Ne1 Qf1 47.b3 Qh1 48.Kc1 Ka8 49.Qd2 Ka7
50.Kb2 Qh4 51.Kc3 Qg3 52.Qe3 Qc7+ 53.Kb2 Qh2 54.Nd3 Bxd3 55.Qxd3 Qxh6 56.b5 axb5
57.Qxb5 Qf6 58.Qc5+ Ka8 59.Qc3 Ka7 60.b4 Qf4 61.Qc5+ b6 62.Qc3 Kb7 63.b5 Kb8
64.Qb4 Qc7 65.Qc3 Qf4 66.Kb1 Qd6 67.Kb2  1/2-1/2

[Event "FSFMB November 2013"]
[Site "Budapest HUN"]
[Date "2013.11.12"]
[Round "10.2"]
[White "Toth,Laszlo G."]
[Black "Szonyi,Bence"]
[Result "0-1"]
[WhiteElo "1683"]
[BlackElo "1660"]

1.e4 d5 2.exd5 Qxd5 3.Nc3 Qd6 4.d4 c6 5.Bd3 Nf6 6.Nge2 g6 7.Bf4 Qd8 8.O-O Bg7
9.Qd2 O-O 10.Rad1 Na6 11.a3 Nc7 12.Ne4 Ne6 13.c3 Nxf4 14.Qxf4 Nd5 15.Qg3 f5
16.Ng5 h6 17.Nf3 g5 18.h3 f4 19.Qh2 Bf5 20.Ne5 Bxe5 21.dxe5 Qc7 22.Bxf5 Rxf5
23.e6 Qb6 24.h4 Qxb2 25.hxg5 Qxe2 26.Qxh6 Qg4 27.Qg6+ Kf8 28.Qh6+ Ke8 29.Qh7 Kd8
30.Qg8+ Kc7 31.Qxa8 Rxg5  0-1

[Event "23rd World Seniors 2013"]
[Site "Opatija CRO"]
[Date "2013.11.12"]
[Round "1.57"]
[White "Ladisic,A"]
[Black "Acers,J"]
[Result "0-1"]
[WhiteElo "1948"]
[BlackElo "2230"]

1.e4 d5 2.exd5 Qxd5 3.Nc3 Qd6 4.d4 Nf6 5.g3 Bg4 6.f3 Bf5 7.Bf4 Qd7 8.Nge2 e6
9.Bg2 Bb4 10.O-O Nc6 11.Ne4 Nd5 12.c3 Nxf4 13.Nxf4 Be7 14.Qe2 O-O 15.Rad1 Bd6
16.Nd3 Rad8 17.f4 b6 18.Kh1 Ne7 19.a3 Qb5 20.Qf2 Nd5 21.Ne5 Qa4 22.Rd2 Bxe5
23.fxe5 Rd7 24.h3 Bxe4 25.Bxe4 f5 26.exf6 Rxf6 27.Qe2 Rdf7  0-1

[Event "TCh-BEL 2013-14"]
[Site "Belgium BEL"]
[Date "2013.11.17"]
[Round "4.6"]
[White "Schuermans,R"]
[Black "Roeder,M"]
[Result "0-1"]
[WhiteElo "2173"]
[BlackElo "2412"]

1.e4 d5 2.exd5 Qxd5 3.Nc3 Qd6 4.d4 Nf6 5.Nf3 c6 6.Ne5 Nbd7 7.Bf4 Nd5 8.Nxd5 Qxd5
9.f3 Nxe5 10.dxe5 Qa5+ 11.Qd2 Qxd2+ 12.Bxd2 Bf5 13.O-O-O e6 14.Be3 Bb4 15.Bd3 Bg6
16.h4 O-O-O 17.Bxg6 Rxd1+ 18.Rxd1 hxg6 19.Bxa7 Rxh4 20.Bb6 Be7 21.c3 c5 22.b3 Rh2
23.Rg1 Kd7 24.c4 Bg5+ 25.Kb1 Kc6 26.Ba5 Be3 27.Re1 Bd4 28.Re2 Rh5 29.f4 g5
30.Bd2 gxf4 31.Bxf4 Rf5 32.Bg3 Rg5 33.Bf4 Rg4 34.Bd2 Kd7 35.Kc2 f6 36.exf6 gxf6
37.Be1 e5 38.a3 Kc6 39.b4 b5 40.cxb5+ Kxb5 41.bxc5 Bxc5 42.Kb3 Ra4 43.Bb4 Bxb4
44.axb4 Rxb4+ 45.Kc3 Rd4 46.Rf2 Rd6 47.Rf5 Kc6 48.g4 Kd5 49.Kd3 Ke6+ 50.Ke2 Rd4
51.Kf3 Rd5 52.Ke3 Rd8 53.Rh5 Ra8 54.Kf3 Ra1 55.Kf2 Ra6 56.Rh7 Kd5 57.Rb7 Ra2+
58.Ke3 Ra3+ 59.Kf2 Ke4 60.Rb4+ Kd3 61.Kf3 Kd2+ 62.Kf2 Rc3 63.Ra4 Rb3 64.Re4 Rb5
65.Ra4 Rd5 66.Kf3 Rd4 67.Ra2+ Kd3 68.Ra3+ Kc4 69.Ra6 Rf4+ 70.Kg3 Kd5 71.Rb6 f5
72.gxf5 Rxf5 73.Rb5+ Kd4 74.Ra5 Rf1 75.Kg2 Rf8 76.Ra4+ Kc3 77.Ra3+ Kb4 78.Rf3 Rg8+
79.Kf2 Kc4 80.Ke3 Kd5 81.Rf7 Rg3+  0-1

[Event "10th European Teams w"]
[Site "Warsaw POL"]
[Date "2013.11.17"]
[Round "9.13"]
[White "Fakhiridou,E"]
[Black "Stoeri,L"]
[Result "1-0"]
[WhiteElo "2168"]
[BlackElo "2102"]

1.e4 d5 2.exd5 Qxd5 3.Nc3 Qd6 4.d4 c6 5.g3 Nf6 6.Bg2 Bg4 7.Nge2 e6 8.h3 Bxe2
9.Nxe2 Nbd7 10.O-O Nb6 11.a4 a5 12.c3 Qd7 13.Nf4 Be7 14.Nd3 O-O 15.Re1 Rad8
16.Qe2 Rfe8 17.g4 Qc8 18.Bg5 Nfd5 19.Bxe7 Rxe7 20.Qf3 Qc7 21.Rec1 Nf6 22.b3 h6
23.Rd1 Nbd5 24.Rac1 Qb6 25.c4 Nb4 26.Nxb4 Qxb4 27.h4 Red7 28.g5 hxg5 29.hxg5 Nh7
30.Qe3 Nf8 31.Be4 Qb6 32.c5 Qc7 33.f4 Re7 34.Rd2 Red7 35.Rcd1 b6 36.Rh2 f5
37.gxf6 gxf6 38.Rg2+ Rg7 39.Rd2 Rd7 40.f5 bxc5 41.fxe6 Re7 42.Bf5 cxd4 43.Qxd4 Qe5
44.Qxe5 fxe5 45.Rd7 Kh8 46.Rxg7 Rxg7+ 47.Rxg7 Kxg7 48.e7  1-0

[Event "10th European Teams w"]
[Site "Warsaw POL"]
[Date "2013.11.17"]
[Round "9.11"]
[White "Nevioselaya,M"]
[Black "Borsuk,A"]
[Result "1/2-1/2"]
[WhiteElo "2074"]
[BlackElo "2186"]

1.e4 d5 2.exd5 Qxd5 3.Nc3 Qd6 4.d4 Nf6 5.Nf3 a6 6.Be2 e6 7.O-O Be7 8.Ne5 c5
9.Nc4 Qc6 10.Bf3 Qc7 11.d5 exd5 12.Nxd5 Nxd5 13.Bxd5 O-O 14.Qf3 Be6 15.Bxb7 Bxc4
16.Bxa8 Bxf1 17.Kxf1 Qxh2 18.g3 Bf6 19.Bf4 Qh3+ 20.Kg1 Qe6 21.Bd5 Qb6 22.Re1 Nd7
23.Qg4 Qd8 24.Bd6 h5 25.Qxh5 Ne5 26.Bxe5 Qxd5 27.c4 Qxc4 28.Bxf6 gxf6 29.b3 Qd4
30.Rc1 Rd8 31.Qxc5 Qg4 32.Qc2 Kg7 33.Re1 Rh8 34.Qe4 Qh3 35.b4 Qh2+ 36.Kf1 Qh3+
37.Qg2 Qd7 38.Kg1 Qd2 39.Qe4 Rh5 40.Qe2 Qd5 41.Qg4+ Rg5 42.Qe4 Qxa2 43.Kg2 Qd5  1/2-1/2

[Event "23rd World Seniors 2013"]
[Site "Opatija CRO"]
[Date "2013.11.18"]
[Round "6.17"]
[White "Tsomaia,Sergo"]
[Black "Wahlbom,M"]
[Result "1/2-1/2"]
[WhiteElo "1859"]
[BlackElo "2304"]

1.e4 d5 2.exd5 Qxd5 3.Nc3 Qd6 4.d4 Nf6 5.Nb5 Qd8 6.Nf3 a6 7.Nc3 g6 8.Be2 Bg7
9.O-O O-O 10.Bg5 Nbd7 11.Qd2 b5 12.Rad1 Nb6 13.Bxf6 Bxf6 14.Ne4 Bg7 15.Ne5 Bb7
16.Nc5 Bd5 17.b3 Qd6 18.Qe3 f6 19.Ned3 Bf7 20.Bf3 Nd5 21.Bxd5 Bxd5 22.Nf4 Bh6
23.Nce6 Bxe6 24.Qxe6+ Kh8 25.Qxd6 cxd6 26.Nd5 Rac8 27.Rfe1 e5 28.c3 Bg7 29.f4 exd4
30.Rxd4 f5 31.Rd3 Rfe8 32.Rxe8+ Rxe8 33.Kf2 Kg8 34.Re3 Kf7 35.Rxe8 Kxe8 36.Ke3 Kd7
37.Kd3 a5 38.c4 Kc6 39.Ne3 Kc5 40.g3 b4 41.Nd5 Bd4 42.h3 h5 43.Ke2 a4 44.Ne7 axb3
45.axb3 Bf6 46.Nd5 Bd4 47.Nc7 Kc6 48.Ne6 Bg1 49.Nf8 Kc5 50.Kd3 Bh2 51.Nxg6 Bxg3
52.Ke3 d5 53.cxd5 Kxd5 54.Ne7+ Ke6 55.Nc6 Be1 56.Nd4+ Kf6 57.Nc2 Bc3 58.Kd3 Ke6
59.Nd4+ Kf6 60.Nb5 Be1 61.Nc7 Bg3 62.Ke3 Be1 63.Nb5 Ke6 64.Nd4+ Kf6 65.Nc2 Bc3
66.Kd3 Ke6 67.Ne3 Be1 68.Kc4 Bd2 69.Nd5 Bc1 70.Kc5 Bd2 71.Kc6 Bc1 72.Nc7+ Kf7
73.Nd5 Ke6 74.Kc5 Bd2 75.Kc6 Bc1  1/2-1/2

[Event "10th Vasylyshyn Memorial GM"]
[Site "Lviv UKR"]
[Date "2013.11.19"]
[Round "1"]
[White "Sivuk,V"]
[Black "Boricsev,O"]
[Result "1-0"]
[WhiteElo "2517"]
[BlackElo "2355"]

1.e4 d5 2.exd5 Qxd5 3.Nc3 Qd6 4.d4 Nf6 5.Nf3 c6 6.Ne5 Nbd7 7.f4 e6 8.Nc4 Qc7
9.Bd3 g6 10.O-O Nb6 11.Ne5 Bg7 12.Qe1 O-O 13.Qh4 Nbd5 14.Nxd5 cxd5 15.c3 Bd7
16.Rf3 Qd8 17.Rh3 h5 18.Be3 Ne4 19.Nxd7 Qxd7 20.Bxe4 dxe4 21.g4 Qb5 22.gxh5 Qxh5
23.Qxh5 gxh5 24.f5 Rad8 25.Rf1 exf5 26.Rxf5 Rd6 27.Rhxh5 Ra6 28.a3 Rg6+ 29.Kf2 Rf6
30.Bf4 Rb6 31.Bc1 Re8 32.Rhg5 Kf8 33.Rg4 Rf6 34.Rxf6 Bxf6 35.Bh6+  1-0

[Event "Piestany Open 2013"]
[Site "Piestany SVK"]
[Date "2013.11.19"]
[Round "2.1"]
[White "Petras,Mi"]
[Black "Hasangatin,R"]
[Result "0-1"]
[WhiteElo "1997"]
[BlackElo "2498"]

1.e4 d5 2.exd5 Qxd5 3.Nc3 Qd6 4.d4 Nf6 5.Nf3 a6 6.Ne5 Nc6 7.Nxc6 Qxc6 8.Bf4 e6
9.a3 Bd6 10.Qd2 b5 11.Be5 Bb7 12.f3 O-O-O 13.Bd3 Bxe5 14.dxe5 Nd7 15.Qe3 Qc5
16.Qxc5 Nxc5 17.O-O-O Rd4 18.Rhe1 Rhd8 19.Bf1 g5 20.Re3 Rxd1+ 21.Nxd1 Rd4
22.Nc3 h5 23.Ne2 Rd8 24.g3 g4 25.b4 Nd7 26.f4 Nb6 27.Nc3 Bf3 28.h4 Na4 29.Be2 Nxc3
30.Bxf3 gxf3 31.Rxc3 f2 32.Rf3 Rg8 33.Rxf2 Rxg3 34.Kb2 Rg4 35.f5 Re4 36.fxe6 fxe6
37.Rf8+ Kb7 38.Rg8 Rxe5 39.Rg5 Rf5 40.Kc3 Kc6 41.Rg6 Kd5 42.Rh6 c6 43.Kb2 e5
44.Kc3 Rf3+ 45.Kd2 Rxa3 46.Rxh5 Rh3 47.c3 Ke4 48.Rh6 Rh2+ 49.Kc1 Kd5 50.h5 e4
51.Kd1 e3 52.Kc1 Rh1+  0-1